000 00381nam a2200133Ia 4500
008 151001s9999||||xx |||||||||||||| ||und||
100 _aमहादेव भिकू बेलोसे
245 _aरक्तात भिजली माती
250 _a1
260 _bनिंबकर आणि मं
260 _c1978
300 _a80
365 _b18
999 _c982054
_d982051